| 000 | 00777cam a22002417a 4500 | ||
|---|---|---|---|
| 001 | 17044959 | ||
| 005 | 20121213105010.0 | ||
| 008 | 111114s2011 maua b 001 0 eng d | ||
| 010 | _a 2011284877 | ||
| 020 | _a160807143X | ||
| 020 | _a9781608071432 | ||
| 082 | 0 | 0 |
_a621.3824 _223 _bAND |
| 100 | 1 |
_aAnderson, Theodore R., _d1949- _931685 |
|
| 245 | 1 | 0 |
_aPlasma Antennas / _cTheodore Anderson. |
| 260 |
_aBoston : _bArtech House, _cc2011. |
||
| 300 |
_axix, 203 p. : _bill. ; _c24 cm. |
||
| 490 | 1 | _aArtech House antennas and propagation series | |
| 504 | _aIncludes bibliographical references and index. | ||
| 650 | 0 |
_aAntennas (Electronics) _931686 |
|
| 653 |
_bEle _cDecember2012 |
||
| 830 | 0 |
_aArtech House antennas and propagation library. _931687 |
|
| 942 |
_2ddc _cBB |
||
| 999 |
_c17134 _d17106 |
||